000 01477nam0a2200349 4500
001 RU\NLR\bibl\38647
005 20250615025102.0
010 _a5-89329-077-1
_91000
021 _aRU
_b99-14069
_9679
035 _a(NLR Aleph) 000037668
090 _a194519
_c194519
100 _a19990715d1999 |||y0rusy50 ca
101 0 _arus
102 _aRU
105 _aa |||||||||
200 1 _a100 русских поэтов. 100 стихотворений
_eAntologia
_fВладимир Марков [сост.]
210 _aСПб.
_cАлетейя
_d1999
215 _a234 с.
_cил.
_d18
225 1 _aCentifolia russica
_eУпражнение в отборе
300 _aНа обл. только загл. сер.
320 _aБиблиогр.: с. 206-213
327 1 _aСодерж.: Авт.: Агнивцев, Адамович; Анненский, Апухтин, Ахматова, Бальмонт, Баратынский, Барков, Батюшков, Белый и др.
686 _aШ6(2=Р)-5
702 1 _aМарков
_bВ. Ф.
_cлитературовед, поэт
_f1920-2013
_gВладимир Федорович
_9148297
_3RU\NLR\AUTH\770148333
801 0 _aRU
_bNLR
_c19990715
_gPSBO
801 1 _aRU
_bNLR
_c19990715
852 _aNLR
_j99-2/1402
942 _cBOOK
980 _aNB